Handbook of heat and mass transfer Vol-2 / (Record no. 61162)
[ view plain ]
| 000 -LEADER | |
|---|---|
| fixed length control field | 01185cam a2200289 a 4500 |
| 001 - CONTROL NUMBER | |
| control field | 480579 |
| 003 - CONTROL NUMBER IDENTIFIER | |
| control field | NUST-PNEC |
| 005 - DATE AND TIME OF LATEST TRANSACTION | |
| control field | 20170116180716.0 |
| 008 - FIXED-LENGTH DATA ELEMENTS--GENERAL INFORMATION | |
| fixed length control field | 841127m19869999txua bf 001 0 eng |
| 010 ## - LIBRARY OF CONGRESS CONTROL NUMBER | |
| LC control number | 84025338 |
| 020 ## - INTERNATIONAL STANDARD BOOK NUMBER | |
| International Standard Book Number | 0872013383 |
| 040 ## - CATALOGING SOURCE | |
| Transcribing agency | PNEC |
| 050 00 - LIBRARY OF CONGRESS CALL NUMBER | |
| Classification number | TJ260 |
| Item number | .H36 1986 |
| 082 00 - DEWEY DECIMAL CLASSIFICATION NUMBER | |
| Classification number | 621.4022 CHE |
| Edition number | 19 |
| 100 ## - MAIN ENTRY--PERSONAL NAME | |
| 9 (RLIN) | 696 |
| Personal name | Cheremisinoff, Nicholas P. |
| 245 00 - TITLE STATEMENT | |
| Title | Handbook of heat and mass transfer Vol-2 / |
| Statement of responsibility, etc. | Nicholas P. Cheremisinoff, editor. |
| 260 ## - PUBLICATION, DISTRIBUTION, ETC. | |
| Place of publication, distribution, etc. | Houston : |
| Name of publisher, distributor, etc. | Gulf Pub. Co., |
| Date of publication, distribution, etc. | c1986 |
| 300 ## - PHYSICAL DESCRIPTION | |
| Extent | xv, 1518 p. : |
| Other physical details | ill. ; |
| Dimensions | 24 cm. |
| 500 ## - GENERAL NOTE | |
| General note | Includes Index http://www.amazon.com/s/ref=nb_sb_noss?url=search-alias%3Dstripbooks&field-keywords=0872014126 |
| 504 ## - BIBLIOGRAPHY, ETC. NOTE | |
| Bibliography, etc. note | Includes bibliographies and indexes. |
| 505 0# - FORMATTED CONTENTS NOTE | |
| Formatted contents note | v. 1. Heat transfer operations -- v. 2. Mass transfer and reactor design -- v. 3. Catalysis, kinetics, and reactor engineering -- v. 4. Advances in reactor design and combustion science. |
| 650 #0 - SUBJECT ADDED ENTRY--TOPICAL TERM | |
| Topical term or geographic name entry element | Heat |
| General subdivision | Transmission |
| -- | Handbooks, manuals, etc. |
| -- | ME |
| 650 #0 - SUBJECT ADDED ENTRY--TOPICAL TERM | |
| Topical term or geographic name entry element | Mass transfer |
| General subdivision | Handbooks, manuals, etc. |
| 700 1# - ADDED ENTRY--PERSONAL NAME | |
| Personal name | Cheremisinoff, Nicholas P. |
| 906 ## - LOCAL DATA ELEMENT F, LDF (RLIN) | |
| a | 7 |
| b | cbc |
| c | orignew |
| d | 1 |
| e | ocip |
| f | 19 |
| g | y-gencatlg |
| 942 ## - ADDED ENTRY ELEMENTS (KOHA) | |
| Source of classification or shelving scheme | |
| Koha item type | Book |
| Withdrawn status | Lost status | Source of classification or shelving scheme | Damaged status | Not for loan | Permanent Location | Current Location | Shelving location | Date acquired | Source of acquisition | Cost, normal purchase price | Total Checkouts | Full call number | Barcode | Date last seen | Cost, replacement price | Price effective from | Koha item type |
|---|---|---|---|---|---|---|---|---|---|---|---|---|---|---|---|---|---|
| Pakistan Navy Engineering College (PNEC) | Pakistan Navy Engineering College (PNEC) | Reference | 11/22/1986 | Royal Book Company | 3154.00 | 621.4022 CHE | PNECLIB-010343 | 10/20/2014 | 3154.00 | 11/22/1986 | Book |
